Nomenclador alfabético del mapa del Perú por Raimondi (Record no. 37804)
[ view plain ]
| 000 -LEADER | |
|---|---|
| fixed length control field | 00808cam a22002411 4500 |
| 001 - CONTROL NUMBER | |
| control field | map58000130 |
| 003 - CONTROL NUMBER IDENTIFIER | |
| control field | DLC |
| 005 - DATE AND TIME OF LATEST TRANSACTION | |
| control field | 20260227111555.0 |
| 008 - FIXED-LENGTH DATA ELEMENTS--GENERAL INFORMATION | |
| fixed length control field | 820624s1920 xx 000 0 spa |
| 010 ## - LIBRARY OF CONGRESS CONTROL NUMBER | |
| LC control number | map58000130 |
| 035 ## - SYSTEM CONTROL NUMBER | |
| System control number | (OCoLC)14021112 |
| 040 ## - CATALOGING SOURCE | |
| Original cataloging agency | DLC |
| Transcribing agency | PSt |
| Modifying agency | DLC |
| 050 00 - LIBRARY OF CONGRESS CALL NUMBER | |
| Classification number | G5 |
| Item number | .S673 |
| 100 2# - MAIN ENTRY--PERSONAL NAME | |
| Personal name | Hope-Jones, H. |
| 245 10 - TITLE STATEMENT | |
| Title | Nomenclador alfabético del mapa del Perú por Raimondi |
| Statement of responsibility, etc. | H. Hope-Jones |
| 260 ## - PUBLICATION, DISTRIBUTION, ETC. | |
| Place of publication, distribution, etc. | Lima, Perú |
| Date of publication, distribution, etc. | 1920 |
| 300 ## - PHYSICAL DESCRIPTION | |
| Extent | 159 p. |
| Other physical details | maps |
| Dimensions | 25 cm. |
| 490 1# - SERIES STATEMENT | |
| Series statement | Publicaciones de la Sociedad Geográfica de Lima ; [1] |
| 500 ## - GENERAL NOTE | |
| General note | First issued in parts in the Boletín de la Sociedad Geográfica de Lima |
| 651 #0 - SUBJECT ADDED ENTRY--GEOGRAPHIC NAME | |
| Geographic name | Peru |
| Form subdivision | Gazetteers. |
| 700 1# - ADDED ENTRY--PERSONAL NAME | |
| Personal name | Raimondi, Antonio, |
| Dates associated with a name | 1826-1890. |
| Title of a work | Mapa del Perú |
| 810 2# - SERIES ADDED ENTRY--CORPORATE NAME | |
| Corporate name or jurisdiction name as entry element | Sociedad Geográfica de Lima. |
| Title of a work | Publicaciones ; |
| Volume/sequential designation | 1. |
No items available.